[Event "V Torneo Banco di Roma A"]
[Site "Roma ITA"]
[Date "1981.02.??"]
[Round "1"]
[White "Korchnoi, Viktor L."]
[Black "Csom, Istvan"]
[Result "1-0"]
[WhiteElo "2650"]
[BlackElo "2500"]
[PlyCount "65"]
[EventDate "1981.02.07"]

1. c4 Nf6 2. Nc3 c5 3. Nf3 b6 4. e4 d6 5. d4 cxd4 6. Nxd4 Bb7 7. Qe2 e6 8. g3
a6 9. Bg2 Qc7 10. O-O Be7 11. Be3 Nbd7 12. Rac1 Rc8 13. b3 Qb8 14. Bd2 O-O 15.
g4 g6 16. g5 Ne8 17. Bh3 Ng7 18. f4 Rce8 19. Qf2 Qd8 20. Rcd1 Nc5 21. Qe2 Qa8
22. Rde1 e5 23. fxe5 dxe5 24. Nf3 Nce6 25. Nd5 Bc5+ 26. Kh1 Bxd5 27. cxd5 Nf4
28. Bxf4 exf4 29. Qb2 Re7 30. Ne5 Rd8 31. Ng4 Rc7 32. Nh6+ Kh8 33. Rxf4 $138
1-0

[Event "V Torneo Banco di Roma A"]
[Site "Roma ITA"]
[Date "1981.02.??"]
[Round "3"]
[White "Korchnoi, Viktor L."]
[Black "Makropoulos, Georgios"]
[Result "1-0"]
[WhiteElo "2650"]
[BlackElo "2485"]
[PlyCount "44"]
[EventDate "1981.02.07"]

1. c4 c5 2. Nc3 Nf6 3. Nf3 b6 4. e4 d6 5. d4 cxd4 6. Nxd4 Bb7 7. Qe2 e6 8. g3
Nbd7 9. Bg2 a6 10. O-O Rc8 11. Bd2 Qc7 12. b3 b5 13. cxb5 Qb6 14. Qd3 Ne5 15.
Na4 Qa7 16. b6 Qa8 17. Qe2 Nxe4 18. Rfc1 Nc5 19. Bxb7 Qxb7 20. Nxc5 Rxc5 21.
Rxc5 dxc5 22. Qxe5 cxd4 1-0

[Event "V Torneo Banco di Roma A"]
[Site "Roma ITA"]
[Date "1981.02.??"]
[Round "5"]
[White "Matanovic, Aleksandar"]
[Black "Parma, Bruno"]
[Result "1/2-1/2"]
[WhiteElo "2500"]
[BlackElo "2500"]
[PlyCount "32"]
[EventDate "1981.02.07"]

1. e4 d6 2. d4 Nf6 3. Nc3 g6 4. Nf3 Bg7 5. Be2 O-O 6. O-O Bg4 7. Be3 Nc6 8. Qd2
e5 9. dxe5 dxe5 10. Rad1 Qc8 11. Qc1 Rd8 12. Rxd8+ Qxd8 13. Rd1 Qf8 14. a3 Rd8
15. Rxd8 Qxd8 16. Qd1 Qxd1+ 1/2-1/2

[Event "V Torneo Banco di Roma A"]
[Site "Roma ITA"]
[Date "1981.02.??"]
[Round "7"]
[White "Zichichi, Alvise"]
[Black "Korchnoi, Viktor L."]
[Result "0-1"]
[WhiteElo "2400"]
[BlackElo "2650"]
[PlyCount "60"]
[EventDate "1981.02.07"]

1. Nf3 Nf6 2. c4 b6 3. Nc3 Bb7 4. d3 g6 5. e4 d6 6. g3 Bg7 7. Bg2 O-O 8. O-O c5
9. Rb1 Nc6 10. a3 Nd7 11. Qd2 Nd4 12. Nxd4 cxd4 13. Ne2 e5 14. b4 f5 15. Qa2
Kh8 16. Bd2 fxe4 17. Bxe4 Bxe4 18. dxe4 Qe7 19. f3 Qe6 20. b5 Rac8 21. Rbc1 Rc7
22. Bb4 Bh6 23. Rcd1 Be3+ 24. Kg2 Qxc4 25. Qxc4 Rxc4 26. Bxd6 Rf6 27. Be7 Re6
28. Bb4 Nc5 29. h4 Re8 30. Kh3 Bf2 0-1